| 000 | 00664nam a2200217 i 4500 | ||
|---|---|---|---|
| 001 | 8933 | ||
| 003 | ES-MaACL | ||
| 005 | 20230906145551.0 | ||
| 007 | t| | ||
| 008 | 921113s1991 ag ||||1| spa d | ||
| 020 | _a950-515-416-0 | ||
| 080 | _a78(82)Luthiers | ||
| 080 | _a7 Luthiers | ||
| 100 | 1 |
_aSamper Pizano, Daniel. _9102196 |
|
| 245 | 1 | 0 |
_aLes Luthiers de la L a la S / _cDaniel Samper Pizano ; prólogo: Roberto Fontanarrosa. |
| 260 |
_aBuenos Aires : _bEdiciones de la Flor, _ccop. 1991. |
||
| 300 |
_a211 p. : _bil. ; _c28 cm. |
||
| 610 | 2 | 7 |
_aLuthiers, Les. _95562 |
| 700 | 1 |
_aFontanarrosa, Roberto. _951608 |
|
| 852 |
_aES-MaACL _jL-16342 _bR.120834 |
||
| 999 |
_c8933 _d8933 |
||